Modernising public local inquiries - analysis of consultation responses: outline and some reflections (Record no. 74962)
[ view plain ]
| 000 -LEADER | |
|---|---|
| fixed length control field | 01752cam a2200241 4500 |
| 001 - CONTROL NUMBER | |
| control field | ABS68859 |
| 008 - FIXED-LENGTH DATA ELEMENTS--GENERAL INFORMATION | |
| fixed length control field | 111024s2005 000 0 eng u |
| 035 ## - SYSTEM CONTROL NUMBER | |
| System control number | (Sirsi) u129127 |
| 100 ## - MAIN ENTRY--PERSONAL NAME | |
| Personal name | Poustie, M. |
| 245 ## - TITLE STATEMENT | |
| Title | Modernising public local inquiries - analysis of consultation responses: outline and some reflections |
| 260 ## - PUBLICATION, DISTRIBUTION, ETC. | |
| Date of publication, distribution, etc. | 2005 |
| 490 ## - SERIES STATEMENT | |
| Series statement | Scottish Planning and Environmental Law |
| Volume/sequential designation | (107) February 2005, 7-10(4) |
| 520 ## - SUMMARY, ETC. | |
| Summary, etc. | Outlines "Modernising public local inquiries - analysis of consultation responses" (MPLI) published by the Scottish Executive Development Department in December 2004. Provides further comment on the original consultation paper and the responses to it. MPLI is in essence a detailed development of the question how to make appeal inquiries more accessible and less intimidating and its proposals aim to strengthen the current appeals system while enabling decisions to be made quickly. Concludes that responses to MPLI gave broad if qualified support to the majority of the proposals including a move to a less adversarial appeal systems, which might facilitate greater public participation. References. View the analysis of consultation responses and the original consultation paper on www.scotland.gov.uk. |
| 590 ## - LOCAL NOTE (RLIN) | |
| Local note | ABS |
| 650 ## - SUBJECT ADDED ENTRY--TOPICAL TERM | |
| Topical term or geographic name entry element | SCOTLAND |
| 650 ## - SUBJECT ADDED ENTRY--TOPICAL TERM | |
| Topical term or geographic name entry element | PLANNING PROCEDURE |
| 650 ## - SUBJECT ADDED ENTRY--TOPICAL TERM | |
| Topical term or geographic name entry element | PLANNING APPEALS |
| 650 ## - SUBJECT ADDED ENTRY--TOPICAL TERM | |
| Topical term or geographic name entry element | RIGHT TO APPEAL |
| 690 ## - LOCAL SUBJECT ADDED ENTRY--TOPICAL TERM (OCLC, RLIN) | |
| Topical term or geographic name as entry element | ENVIRONMENTAL AND LAND CONSULTANCY-PLANNING AND DEVELOPMENT |
| 856 ## - ELECTRONIC LOCATION AND ACCESS | |
| Uniform Resource Identifier | <a href="https://www.scotland.gov.uk/Resource/Doc/194371/0052189.pdf">https://www.scotland.gov.uk/Resource/Doc/194371/0052189.pdf</a> |
| Public note | View the MPLI consultation responses' analysis at www.scotland.gov.uk |
| 856 ## - ELECTRONIC LOCATION AND ACCESS | |
| Uniform Resource Identifier | <a href="https://www.scotland.gov.uk/consultations/planning/mplic.pdf">https://www.scotland.gov.uk/consultations/planning/mplic.pdf</a> |
| Public note | View the MPLI consultation at www.scotland.gov.uk |
| 942 ## - ADDED ENTRY ELEMENTS (KOHA) | |
| Suppress in OPAC | 0 |
| Withdrawn status | Lost status | Source of classification or shelving scheme | Damaged status | Not for loan | Home library | Current library | Shelving location | Date acquired | Total Checkouts | Full call number | Barcode | Date last seen | Copy number | Price effective from | Koha item type |
|---|---|---|---|---|---|---|---|---|---|---|---|---|---|---|---|
| Dewey Decimal Classification | London | London | Journal article | 22/03/2005 | ABS68859 | 129127-1001 | 06/08/2019 | 1 | 06/08/2019 | Journal article |